[Event "82.Camp. Veneto Quarti di Finale"]
[Site "Ceregnano ITA"]
[Date "2023.05.28"]
[Round "5.8"]
[White "Carlino, Alessandro"]
[Black "Morganti, Lionello"]
[Result "0-1"]
[WhiteElo "1506"]
[BlackElo "1472"]
[Annotator "Gabriele Ballarin"]
[PlyCount "102"]
[EventDate "2023.05.26"]
[EventType "swiss"]
[EventRounds "5"]
[EventCountry "ITA"]

1. e4 d6 2. d4 Nf6 3. Nc3 g6 4. Be3 Bg7 5. Qd2 c6 6. f3 O-O 7. Bh6 e5 8. Nge2 b5 9. h4 Qb6 10. Bxg7 Kxg7 11. h5 Qd8 12. hxg6 fxg6 13. Qh6+ Kf7 14. g4 Rh8 15. dxe5 dxe5 {=} 16. Qg5 Qe7 17. Qe3 Nbd7 18. Ng3 Qc5 19. Qxc5 Nxc5 20. Rd1 Ke7 21. Rd2 Ne6 22. Nce2 Ng5 23. Rd3 Be6 24. Bg2 Rad8 25. a3 Rxd3 26. cxd3 Rd8 27. Nc1 Bg8 28. Kf2 Ne6 29. Nge2 Nd4 30. Nxd4 Rxd4 31. Ke3 a5 32. Nb3 Bxb3 33. g5 Nh5 34. Rc1 Kd6 35. Rc3 Be6 36. Rc1 Nf4 37. Bf1 Bg8 38. Rd1 Ne6 39. Bg2 c5 40. Rd2 Nxg5 41. Bf1 Ne6 42. Be2 Nf4 43. Rc2 Nxe2 44. Rxe2 b4 45. axb4 axb4 46. Rh2 Kc6 47. Rc2 g5 48. Rg2 h6 49. Rh2 Rd6 50. Rh1 Kb5 51. Rh2 Ka4 0-1

[Event "82.Camp. Veneto Quarti di Finale"]
[Site "Ceregnano ITA"]
[Date "2023.05.28"]
[Round "5.10"]
[White "Belloni, Umberto"]
[Black "Renier, Renzo"]
[Result "0-1"]
[WhiteElo "1457"]
[BlackElo "1827"]
[Annotator "Gabriele Ballarin"]
[PlyCount "148"]
[EventDate "2023.05.26"]
[EventType "swiss"]
[EventRounds "5"]
[EventCountry "ITA"]

1. d4 Nf6 2. Bf4 d6 3. e3 Bf5 4. Bd3 Bxd3 5. Qxd3 Nbd7 6. Nf3 c5 7. c3 Rc8 8. Nbd2 g6 9. O-O Bg7 10. h3 O-O 11. Rfe1 Qc7 12. dxc5 Nxc5 13. Qe2 Rfd8 14. e4 Nfd7 15. Rac1 Na4 16. Rc2 a6 17. Nb1 Ndc5 18. b3 Ne6 19. Bd2 Nac5 20. c4 Nd4 21. Nxd4 Bxd4 22. g3 Ne6 23. Kg2 Bg7 24. Be3 Nd4 25. Bxd4 Bxd4 26. Qd3 Bg7 27. Ree2 Qc6 28. Qd5 e6 29. Qxc6 bxc6 30. Nd2 d5 31. cxd5 cxd5 32. Rxc8 Rxc8 33. exd5 exd5 34. f4 Rc2 35. Kf3 Rxa2 36. Re8+ Bf8 37. Ke3 Kg7 38. Rd8 d4+ 39. Kd3 Bb4 40. Ne4 f5 41. Ng5 Be7 42. Rd7 Kf6 43. Nxh7+ Ke6 44. Rxd4 Rg2 45. Ra4 Rxg3+ 46. Kd4 Rxh3 47. Rxa6+ Kf7 48. Ng5+ Bxg5 49. fxg5 Rg3 50. Ra7+ Ke8 51. Ra6 Rxg5 52. Ke5 Kd7 53. Ra4 Kc6 54. Rf4 Kb5 55. Rd4 Rg3 56. Kf6 Rg4 57. Rd3 Kb4 58. Rf3 f4 59. Ke5 g5 60. Kf5 Rg3 61. Rf1 Kxb3 62. Rc1 f3 63. Ke4 g4 64. Ke3 Rg2 65. Rf1 Kc2 66. Ra1 Re2+ 67. Kf4 Rg2 68. Ke3 Kb2 69. Re1 Kc2 70. Ra1 Kb3 71. Rd1 Kc4 72. Re1 Kd5 73. Kf4 f2 74. Rf1 g3 0-1

[Event "82.Camp. Veneto Quarti di Finale"]
[Site "Ceregnano ITA"]
[Date "2023.05.28"]
[Round "5.11"]
[White "De Bortoli, Francesco"]
[Black "Gazzato, Niccolò"]
[Result "1-0"]
[WhiteElo "1894"]
[BlackElo "1450"]
[Annotator "Gabriele Ballarin"]
[PlyCount "81"]
[EventDate "2023.05.26"]
[EventType "swiss"]
[EventRounds "5"]
[EventCountry "ITA"]

1. b4 Nf6 2. Bb2 e6 3. a3 c5 4. b5 d5 5. e3 Bd6 6. Nf3 Nbd7 7. Be2 O-O 8. d3 e5 9. Nbd2 Re8 10. e4 d4 11. a4 Nf8 12. Nc4 Ng6 13. g3 Be6 14. Nfd2 Qd7 15. h4 Rad8 16. h5 Nf8 17. f3 h6 18. Kf2 N6h7 19. Qg1 Bxc4 20. Nxc4 Ne6 21. Rf1 Rf8 22. Ke1 a6 23. b6 Qxa4 24. Kd1 f6 25. Qg2 Nhg5 26. Bc1 Bb8 27. f4 Nf7 28. Qh3 Qc6 29. Bg4 Rfe8 30. Bf5 Nf8 31. Qg4 Nd6 32. Nxd6 Bxd6 33. fxe5 Bxe5 34. Bxh6 Re7 35. Bc1 Ne6 36. h6 Rd6 37. hxg7 Rxg7 38. Qh5 Ng5 39. Bxg5 Rxg5 40. Qh8+ Kf7 41. Rh7+ 1-0

[Event "82.Camp. Veneto Quarti di Finale"]
[Site "Ceregnano ITA"]
[Date "2023.05.28"]
[Round "5.12"]
[White "Adel, Sarah"]
[Black "De Bianchi, Asia"]
[Result "0-1"]
[WhiteElo "1350"]
[BlackElo "1614"]
[Annotator "Gabriele Ballarin"]
[PlyCount "82"]
[EventDate "2023.05.26"]
[EventType "swiss"]
[EventRounds "5"]
[EventCountry "ITA"]

1. e4 c5 2. Nf3 e6 3. c3 d5 4. exd5 Qxd5 5. d4 Nf6 6. Na3 a6 7. Nc4 Qd8 8. Bd3 Nc6 9. Bc2 cxd4 10. cxd4 b5 11. Nce5 Nxe5 12. Nxe5 Bb7 13. O-O Be7 14. Be3 Rc8 15. Bb3 O-O 16. Rc1 Nd5 17. Qe2 Qd6 18. Nd3 Qb6 19. Bxd5 Bxd5 20. Ne5 Qb7 21. b3 Bxg2 22. Rxc8 Rxc8 23. Rd1 Bd5 24. Qg4 Bf8 25. Qh3 Be4 26. f3 Bf5 27. Qg2 Rc2 28. Rd2 Rc3 29. Qe2 f6 30. Nd3 Bxd3 31. Rxd3 Rxd3 32. Qxd3 Qxf3 33. Qc3 b4 34. Qd2 Bd6 35. Qc1 Qb7 36. Qc4 Kf7 37. Qe2 Qe4 38. Qh5+ Qg6+ 39. Qxg6+ Kxg6 40. Kg2 Kf5 41. h4 Ke4 0-1

[Event "82.Camp. Veneto Quarti di Finale"]
[Site "Ceregnano ITA"]
[Date "2023.05.28"]
[Round "5.13"]
[White "Sottroi, Carlo"]
[Black "Pezzolato, Erica"]
[Result "1-0"]
[WhiteElo "1741"]
[BlackElo "1453"]
[Annotator "Gabriele Ballarin"]
[PlyCount "43"]
[EventDate "2023.05.26"]
[EventType "swiss"]
[EventRounds "5"]
[EventCountry "ITA"]

1. e4 d6 2. d3 Nf6 3. Nc3 g6 4. Bd2 Bg7 5. f4 O-O 6. Nf3 Nbd7 7. Be2 e5 8. fxe5 Nxe5 9. Nxe5 dxe5 10. Be3 c6 11. O-O Be6 12. Qd2 Qe7 13. a4 a5 14. Qe1 Nd7 15. g4 h6 16. Qg3 f6 17. Qh4 g5 18. Qf2 Rf7 19. Bf3 Nf8 20. Ne2 Ng6 21. Bg2 Bxg4 22. Rfd1 {Nur} 1-0

[Event "82.Camp. Veneto Quarti di Finale"]
[Site "Ceregnano ITA"]
[Date "2023.05.28"]
[Round "5.14"]
[White "Cedriano, Mattia"]
[Black "Cecchetto, Vanni"]
[Result "0-1"]
[WhiteElo "1346"]
[BlackElo "1700"]
[Annotator "Gabriele Ballarin"]
[PlyCount "76"]
[EventDate "2023.05.26"]
[EventType "swiss"]
[EventRounds "5"]
[EventCountry "ITA"]

1. e4 e5 2. Nf3 Nc6 3. Bb5 Nf6 4. O-O Bc5 5. c3 Bb6 6. d3 O-O 7. Bxc6 dxc6 8. Nxe5 Re8 9. Nc4 Bg4 10. Qc2 Qd7 11. Nxb6 axb6 12. f3 Bh5 13. Be3 Nd5 14. Bf2 Nf4 15. Rd1 Ra5 16. d4 Nh3+ 17. Kh1 Rxe4 18. fxe4 Bxd1 19. Qd2 Qg4 20. Na3 Bf3 21. Bg3 Bxe4 22. Bxc7 Rg5 23. Bg3 Rg6 24. Nc4 Qh5 25. Ne5 Rxg3 26. hxg3 Nf4+ 27. Kg1 Nxg2 28. g4 Qh3 29. Qf2 Nf4 30. Qh2 Qe3+ 31. Kf1 Bg2+ 32. Qxg2 Nxg2 33. Kxg2 Qe2+ 34. Kg3 Qxb2 35. Rf1 f6 36. Nd7 Qxc3+ 37. Kh4 g5+ 38. Kh5 Qh3# 0-1

[Event "82.Camp. Veneto Quarti di Finale"]
[Site "Ceregnano ITA"]
[Date "2023.05.28"]
[Round "5.15"]
[White "Acosta Loor, Tamia"]
[Black "Gallo, Fausto"]
[Result "0-1"]
[WhiteElo "1098"]
[BlackElo "1300"]
[Annotator "Gabriele Ballarin"]
[PlyCount "66"]
[EventDate "2023.05.26"]
[EventType "swiss"]
[EventRounds "5"]
[EventCountry "ITA"]

1. e4 c5 2. Nf3 d6 3. d4 cxd4 4. Nxd4 Nf6 5. Nc3 a6 6. Bg5 Nbd7 7. Qd2 h6 8. Bh4 e6 9. Bc4 Be7 10. Bxf6 Nxf6 11. Nf3 Qc7 12. Bb3 Bd7 13. O-O O-O 14. Rfe1 Bc6 15. Qd3 Nd7 16. Nd4 Nc5 17. Qe3 Nxb3 18. cxb3 Rac8 19. Nxc6 Qxc6 20. Rac1 b5 21. Nd5 Qb7 22. Nxe7+ Qxe7 23. Qb6 Qf6 24. Qxa6 Rxc1 25. Rxc1 Qxb2 26. Rf1 Qe5 27. f3 Qc5+ 28. Rf2 Rc8 29. h3 b4 30. Qd3 d5 31. exd5 exd5 32. Kf1 Qc1+ 33. Ke2 Re8+ 0-1

[Event "27.Autunno M.Monticelli A"]
[Site "Venezia"]
[Date "2023.10.13"]
[Round "1.1"]
[White "Feltrin, Francesco"]
[Black "Pentelashoski, Ivanche"]
[Result "0-1"]
[WhiteElo "1891"]
[BlackElo "1801"]
[Annotator "Ballarin,Gabriele"]
[PlyCount "64"]
[EventDate "2023.10.13"]
[EventType "swiss"]
[EventRounds "5"]
[EventCountry "ITA"]

1. a3 e5 2. c4 Nf6 3. d3 d5 4. cxd5 Nxd5 5. Nf3 Nc6 6. g3 Be6 7. Bg2 f6 8. O-O Qd7 9. Nc3 Bc5 10. Bd2 O-O-O 11. Rc1 Bb6 12. Ne4 g5 13. b4 a6 14. Nc5 Bxc5 15. Rxc5 h5 16. b5 axb5 17. Rxb5 h4 18. Qb1 Nb6 19. Rc1 hxg3 20. fxg3 Bh3 21. Be3 Bxg2 22. Kxg2 Qh3+ 23. Kg1 g4 24. Rxb6 gxf3 25. exf3 Qxh2+ 26. Kf1 Qh1+ 27. Ke2 Qg2+ 28. Bf2 Rh2 29. Rf1 Nd4+ 30. Kd2 cxb6 31. Qxb6 Qxf3 32. Rc1+ Nc6 0-1

[Event "27.Autunno M.Monticelli A"]
[Site "Venezia"]
[Date "2023.10.13"]
[Round "1.2"]
[White "Marson, Luca"]
[Black "Panican, Gheorghe"]
[Result "0-1"]
[WhiteElo "1751"]
[BlackElo "1867"]
[Annotator "Ballarin,Gabriele"]
[PlyCount "58"]
[EventDate "2023.10.13"]
[EventType "swiss"]
[EventRounds "5"]
[EventCountry "ITA"]

1. e4 d6 2. d4 Nf6 3. Nc3 Nbd7 4. Nf3 e5 5. Bc4 Be7 6. O-O O-O 7. Bg5 c6 8. Bb3 Qc7 9. Re1 a6 10. Qe2 b5 11. a3 Bb7 12. Rad1 Rad8 13. h3 h6 14. Bc1 Bc8 15. Ba2 Nb6 16. dxe5 dxe5 17. Rxd8 Rxd8 18. Rd1 Rxd1+ 19. Qxd1 a5 20. Qd3 b4 21. axb4 axb4 22. Ne2 c5 23. Nd2 Qa7 24. Bc4 Ne8 25. b3 Qa1 26. Kh2 Nd6 27. Nf3 Ndxc4 28. bxc4 Bf6 29. Nxe5 Qxe5+ 0-1

[Event "27.Autunno M.Monticelli A"]
[Site "Venezia"]
[Date "2023.10.13"]
[Round "1.3"]
[White "Bonan, Yves"]
[Black "Ballarin, Gabriele"]
[Result "1/2-1/2"]
[WhiteElo "1842"]
[BlackElo "1748"]
[Annotator "Ballarin,Gabriele"]
[PlyCount "58"]
[EventDate "2023.10.13"]
[EventType "swiss"]
[EventRounds "5"]
[EventCountry "ITA"]

1. c4 e5 2. g3 c6 3. Bg2 Nf6 4. Nc3 d6 5. d3 Nbd7 (5... d5 $142) (5... Be7) 6. Nf3 $11 Be7 7. O-O h6 8. b4 $146 {[%cal Bb2b4,Bb4b5][%mdl 32]} a5 {[%tqu "En","","","","b4b5","",10]} 9. b5 Nc5 10. a4 (10. d4 $5 {[%cal Rd4c5]} Ncd7 11. e3 $14) 10... Bd7 11. d4 exd4 12. Nxd4 {[%cal Rb5c6]} Rc8 13. Ba3 O-O 14. Bxc5 (14. Qc2 Qc7 15. Rfd1 Rfe8 16. Nf5) 14... cxb5 $2 {[#]} (14... dxc5 $11 15. Nf3 Qc7) 15. Bxd6 $2 Bxd6 $16 16. Ndxb5 (16. Ncxb5 $14 Bb4 17. Qb3 (17. Bxb7 Rxc4 18. Qd3 Rc5 $14)) 16... Be5 $11 {=} 17. Rb1 (17. Qb3 $14) 17... Rxc4 18. Nd5 Bf5 $2 {[%mdl 8192] [#]} (18... Bc6 $15 19. Nxf6+ Bxf6) 19. Nxf6+ $2 (19. Ne3 $18 Qc8 20. Na7 (20. Nxc4 Qxc4 21. Rc1 Qb4 $16)) 19... Qxf6 20. Rc1 Rxc1 (20... Rb4 $5 {[%cal Rf8d8]} 21. Rc5 Bg4 $17) 21. Qxc1 Rc8 22. Qd2 b6 (22... Qb6 23. Qd5 Qc5 24. Qxb7 Rb8) 23. e4 {[%cal Be2e4,Be4e5][%mdl 32]} Be6 24. f4 {[%tqu "En","","","","c8d8","",10]} Bb8 (24... Rd8 $1 $15 25. Qc2 Bd4+ 26. Kh1 Bc5) 25. e5 {=} {[%tqu "En","","","","f6e7","",10]} Qe7 26. Rc1 f6 (26... Rxc1+ $11 27. Qxc1 Qc5+ 28. Qxc5 bxc5) 27. Rxc8+ $14 Bxc8 28. Qc3 (28. exf6 $14 Qxf6 29. h4) 28... Be6 (28... Bd7 $11) 29. exf6 Qxf6 {=.} 1/2-1/2

[Event "27.Autunno M.Monticelli A"]
[Site "Venezia"]
[Date "2023.10.14"]
[Round "2.1"]
[White "Panican, Gheorghe"]
[Black "Tomio, Dante"]
[Result "0-1"]
[WhiteElo "1867"]
[BlackElo "1643"]
[Annotator "Ballarin,Gabriele"]
[PlyCount "55"]
[EventDate "2023.10.13"]
[EventType "swiss"]
[EventRounds "5"]
[EventCountry "ITA"]

1. Nf3 Nf6 2. g3 d5 3. Bg2 c6 4. d3 Nbd7 5. Nbd2 e6 6. O-O Be7 7. b3 O-O 8. Bb2 Qc7 9. e4 dxe4 10. dxe4 Rd8 11. Qe2 a5 12. e5 Ne8 13. a3 Rb8 14. Rfe1 b6 15. h3 Bb7 16. Kh2 c5 17. a4 Bc6 18. c4 Qb7 19. Ne4 Nf8 20. Qc2 Rd7 21. Bc1 Rbd8 22. Bg5 Bxg5 23. Nexg5 h6 24. Ne4 Rd3 25. Ng1 R8d4 26. f3 Bxe4 27. fxe4 Rd2 28. Qb1 0-1

[Event "27.Autunno M.Monticelli A"]
[Site "Venezia"]
[Date "2023.10.14"]
[Round "2.2"]
[White "Pentelashoski, Ivanche"]
[Black "Bonan, Yves"]
[Result "1-0"]
[WhiteElo "1801"]
[BlackElo "1842"]
[Annotator "Ballarin,Gabriele"]
[PlyCount "119"]
[EventDate "2023.10.13"]
[EventType "swiss"]
[EventRounds "5"]
[EventCountry "ITA"]

1. e4 d5 2. exd5 Nf6 3. d4 Bg4 4. f3 Bc8 5. Ne2 Nxd5 6. c4 Nf6 7. Nbc3 g6 8. Bf4 Nh5 9. Be5 f6 10. Bg3 Nxg3 11. Nxg3 Nc6 12. d5 Ne5 13. h4 Qd6 14. Nge4 Qb6 15. Qd2 Qb4 16. a3 Qb3 17. Nc5 Qb6 18. N3a4 Qd6 19. Qd4 Nc6 20. Qf2 Qe5+ 21. Be2 Nd4 22. Nd3 Qxe2+ 23. Qxe2 Nxe2 24. Kxe2 e5 25. Nc3 h5 26. Ne4 Kf7 27. Rhd1 Bh6 28. b4 Re8 29. Nc3 f5 30. Nb5 e4 31. Nc5 exf3+ 32. Kxf3 Re3+ 33. Kf2 Re7 34. Re1 Bf8 35. Rxe7+ Bxe7 36. Nxc7 Rb8 37. g3 b6 38. N5e6 Bxe6 39. Nxe6 Rc8 40. Rc1 a5 41. c5 axb4 42. axb4 bxc5 43. bxc5 Ra8 44. Rc2 Ra3 45. c6 Bd6 46. c7 Bxg3+ 47. Kg2 Bxc7 48. Rxc7+ Kf6 49. Ng5 Ra2+ 50. Kg3 Ke5 51. Rg7 f4+ 52. Kf3 Ra3+ 53. Kf2 Kf5 54. d6 Rd3 55. d7 Kg4 56. Ne6 Rf3+ 57. Ke2 Re3+ 58. Kd2 Rxe6 59. d8=Q Kf3 60. Qd5+ 1-0

[Event "27.Autunno M.Monticelli A"]
[Site "Venezia"]
[Date "2023.10.14"]
[Round "2.3"]
[White "Ballarin, Gabriele"]
[Black "Gaion, Giancarlo"]
[Result "1-0"]
[WhiteElo "1748"]
[BlackElo "1831"]
[Annotator "Ballarin,Gabriele"]
[PlyCount "95"]
[EventDate "2023.10.13"]
[EventType "swiss"]
[EventRounds "5"]
[EventCountry "ITA"]

1. d3 d5 2. Nf3 Nf6 3. Nbd2 Bg4 4. c3 (4. Ne5) (4. e4) 4... e6 $146 (4... c6) 5. Ne5 Bh5 (5... Nbd7 $11 6. Qa4 Bf5) 6. g4 $1 $16 Nxg4 (6... Bg6 $16) 7. Nxg4 $18 Bxg4 (7... Nd7 $142) 8. Qa4+ Nc6 9. Qxg4 h5 10. Qa4 Bd6 11. Nf3 Qe7 12. Nd4 Qh4 13. b3 O-O 14. Nxc6 Qxa4 15. bxa4 bxc6 16. e3 Rab8 17. Be2 g6 18. Bd1 c5 19. h3 Rb6 20. Ba3 Rfb8 21. Bc2 e5 22. Ke2 Kg7 23. Rab1 g5 24. c4 d4 25. Rb5 Rxb5 26. axb5 Rf8 27. Rg1 Kh6 28. Bc1 f6 29. Bd1 Be7 30. f4 exf4 31. exf4 h4 32. Kf3 Kg6 33. Ke4 Rd8 34. Bg4 Rd6 35. Bf5+ Kh6 36. a4 Rd8 37. Bd2 Rd6 38. a5 Rd8 39. Rb1 Bd6 40. b6 axb6 41. axb6 Re8+ 42. Kf3 Rb8 {[#]} 43. bxc7 $1 Bxc7 (43... g4+ 44. hxg4) 44. fxg5+ fxg5 45. Rxb8 Bxb8 46. Ke4 Bd6 47. Kd5 Bf8 48. Ba5 (48. Bc1 $142 Be7 49. Ba3 Kg7 50. Bxc5 Bd8 51. Bxd4+ Kf8 52. c5 Ke7 53. Be6) 1-0

[Event "27.Autunno M.Monticelli A"]
[Site "Venezia"]
[Date "2023.10.14"]
[Round "2.4"]
[White "Marson, Luca"]
[Black "Feltrin, Francesco"]
[Result "1-0"]
[WhiteElo "1751"]
[BlackElo "1891"]
[Annotator "Ballarin,Gabriele"]
[PlyCount "167"]
[EventDate "2023.10.13"]
[EventType "swiss"]
[EventRounds "5"]
[EventCountry "ITA"]

1. e4 c5 2. Nf3 d6 3. d4 cxd4 4. Nxd4 Nf6 5. Nc3 g6 6. Be3 Bg7 7. f3 O-O 8. Qd2 Nc6 9. Bc4 Bd7 10. O-O-O Rc8 11. Bb3 Ne5 12. h4 h5 13. Bg5 Rc5 14. Kb1 b5 15. g4 Nc4 16. Bxc4 bxc4 17. gxh5 Nxh5 18. Bh6 Qb6 19. Nd5 Rxd5 20. exd5 Rb8 21. b3 cxb3 22. axb3 Qxd4 23. Qxd4 Bxd4 24. Rxd4 Ng3 25. Re1 Nf5 26. Be3 Nxd4 27. Bxd4 Kf8 28. Bxa7 Rb7 29. Bf2 Bf5 30. Kb2 e6 31. dxe6 Bxe6 32. Rd1 d5 33. Rd4 Ke7 34. Ra4 Kd7 35. Bd4 Rc7 36. Be5 Rb7 37. Ra6 Ke7 38. Bd4 Kd7 39. c3 Kc7 40. b4 Bh3 41. Rf6 Kc8 42. Rd6 Rd7 43. Rf6 Rb7 44. Kc2 Re7 45. Bc5 Rb7 46. Kd3 Bf1+ 47. Kd4 Bc4 48. Ke5 Rd7 49. Kf4 Kd8 50. Kg5 Ke8 51. Kh6 Rb7 52. Kg7 Bd3 53. Bd4 Re7 54. Bc5 Rb7 55. Rc6 Bb5 56. Rc8+ Kd7 57. Rf8 Ke6 58. Bd4 Rc7 59. Ra8 Rb7 60. Ra1 Kf5 61. Bf6 Ke6 62. Re1+ Kd6 63. Bd4 Rd7 64. Kf6 Kc7 65. Re7 Rxe7 66. Kxe7 Be2 67. Kxf7 Bd3 68. Ke6 Kc6 69. Ke7 Bc2 70. Kd8 Bd3 71. Ke7 Bc2 72. Kf6 Kb5 73. Kg5 Kc6 74. h5 gxh5 75. Kxh5 Kd6 76. Kg5 Ke6 77. b5 Ba4 78. b6 Bc6 79. f4 Kf7 80. Kf5 Bb7 81. Ke5 Ke7 82. f5 Ba8 83. f6+ Kf7 84. Kd6 1-0

[Event "27.Autunno M.Monticelli A"]
[Site "Venezia"]
[Date "2023.10.14"]
[Round "3.1"]
[White "Pentelashoski, Ivanche"]
[Black "Tomio, Dante"]
[Result "1/2-1/2"]
[WhiteElo "1801"]
[BlackElo "1643"]
[Annotator "Ballarin,Gabriele"]
[PlyCount "40"]
[EventDate "2023.10.13"]
[EventType "swiss"]
[EventRounds "5"]
[EventCountry "ITA"]

1. d4 d5 2. Nf3 e6 3. e3 Nf6 4. Bd3 Bd6 5. b3 b6 6. Nbd2 Bb7 7. Bb2 Nbd7 8. O-O c6 9. Qe2 Qc7 10. e4 dxe4 11. Nxe4 Nxe4 12. Bxe4 Nf6 13. Bd3 O-O 14. c4 Qe7 15. a4 c5 16. dxc5 Bxc5 17. Rad1 Rad8 18. Bc2 h6 19. h3 Rfe8 20. Ne5 a5 {=} 1/2-1/2

[Event "27.Autunno M.Monticelli A"]
[Site "Venezia"]
[Date "2023.10.14"]
[Round "3.2"]
[White "Panican, Gheorghe"]
[Black "Ballarin, Gabriele"]
[Result "0-1"]
[WhiteElo "1867"]
[BlackElo "1748"]
[Annotator "Ballarin,Gabriele"]
[PlyCount "82"]
[EventDate "2023.10.13"]
[EventType "swiss"]
[EventRounds "5"]
[EventCountry "ITA"]

1. e4 d6 2. Nc3 Nf6 3. Nge2 e5 4. g3 c6 (4... c5) 5. Bg2 Be7 6. O-O Nbd7 $146 {[%cal Bb8d7,Bd7f8,Bf8e6,Be6f4][%mdl 32]} (6... O-O) (6... b5) 7. h3 (7. a4 $14) 7... Qc7 (7... b5 $11) 8. g4 h6 9. Ng3 g6 10. d3 (10. d4 $14) 10... Nf8 $11 11. Be3 (11. f4 $11) 11... Ne6 12. Qd2 (12. d4 h5 13. d5 Nf4 14. g5) 12... g5 (12... h5 $1 $15 13. g5 Nh7) 13. d4 (13. Nf5 $14) 13... Nf4 14. Bxf4 gxf4 15. Nf5 Nh7 (15... Bxf5 $11 16. dxe5 (16. exf5 O-O-O $15) 16... dxe5 17. exf5 Bc5) 16. Ng7+ (16. Nxe7 $14 Kxe7 17. Qd3) 16... Kf8 17. Nh5 (17. Nf5 $11) 17... Bg5 (17... Nf6 $15) 18. f3 (18. Qd1 $11) 18... Nf6 $15 19. Nxf6 Bxf6 20. Ne2 Bh4 {[%cal Bf6h4,Bh4e7,Be7c5][%mdl 32]} 21. Rad1 h5 22. dxe5 (22. c4 $15) 22... dxe5 $17 23. Qd6+ (23. Qc3 $17 Kg8 24. Rd2) 23... Qxd6 $19 24. Rxd6 Be7 25. Rd3 hxg4 26. fxg4 Bc5+ 27. Rf2 Be6 28. b3 Ke7 29. Kf1 Bxf2 30. Kxf2 Rad8 31. Nc1 f6 32. Rxd8 Rxd8 {[%mdl 4096]} (32... Kxd8 $2 33. Ke2) 33. Nd3 b6 34. Ke2 c5 {[%cal Bc6c5,Bc5c4][%mdl 32]} 35. Bf3 a5 36. h4 c4 37. Nf2 Kd6 38. Kd2 Kc5+ 39. Kc3 (39. Ke2 $142) 39... b5 {[%cal Bb6b5,Bb5b4][%mdl 32]} 40. bxc4 b4+ 41. Kb2 Bxc4 0-1

[Event "27.Autunno M.Monticelli A"]
[Site "Venezia"]
[Date "2023.10.14"]
[Round "3.3"]
[White "Gaion, Giancarlo"]
[Black "Marson, Luca"]
[Result "1/2-1/2"]
[WhiteElo "1831"]
[BlackElo "1751"]
[Annotator "Ballarin,Gabriele"]
[PlyCount "116"]
[EventDate "2023.10.13"]
[EventType "swiss"]
[EventRounds "5"]
[EventCountry "ITA"]

1. Nf3 Nf6 2. d4 g6 3. c4 Bg7 4. Nc3 O-O 5. e4 d6 6. Be2 e5 7. O-O Nc6 8. dxe5 dxe5 9. Qxd8 Rxd8 10. Bg5 Be6 11. Rad1 Nd4 12. Nxd4 Rxd4 13. Bxf6 Bxf6 14. Rxd4 exd4 15. Nd5 Bxd5 16. cxd5 h5 17. Rc1 Be5 18. g3 f6 19. Rc4 Rc8 20. f4 Bd6 21. Kg2 c5 22. dxc6 Rxc6 23. Rxd4 Kf7 24. Bc4+ Ke7 25. b3 a6 26. a4 Bc7 27. Kf3 Rd6 28. Bd5 Rb6 29. Rd3 Rb4 30. h4 Rb6 31. Rc3 Bd8 32. Rc8 Kd7 33. Rc3 Ke7 34. Bg8 Rd6 35. Bd5 Rb6 36. e5 fxe5 37. fxe5 Rb4 38. Be4 Rb6 39. Rd3 Bc7 40. Kf4 Rb4 41. Rc3 Bd8 42. Kf3 Rb6 43. Bd5 Rb4 44. Bc4 Bc7 45. e6 Bd6 46. Kg2 b5 47. axb5 axb5 48. Bd3 Kf6 49. Bc2 Rg4 50. Re3 Be7 51. Re4 Rxe4 52. Bxe4 g5 53. hxg5+ Kxg5 54. Kf3 Kf6 55. Bc6 Kxe6 56. Bxb5 Kf5 57. Bd3+ Kg5 58. Be2 Bd6 1/2-1/2

[Event "27.Autunno M.Monticelli A"]
[Site "Venezia"]
[Date "2023.10.14"]
[Round "3.4"]
[White "Bonan, Yves"]
[Black "Feltrin, Francesco"]
[Result "1/2-1/2"]
[WhiteElo "1842"]
[BlackElo "1891"]
[Annotator "Ballarin,Gabriele"]
[PlyCount "118"]
[EventDate "2023.10.13"]
[EventType "swiss"]
[EventRounds "5"]
[EventCountry "ITA"]

1. c4 b5 2. cxb5 a6 3. e3 axb5 4. Bxb5 c6 5. Be2 e5 6. Nf3 e4 7. Nd4 Nf6 8. Nc3 d5 9. d3 Bd6 10. dxe4 dxe4 11. f4 O-O 12. O-O Qe7 13. Bd2 Bc5 14. Nb3 Bb6 15. Qc2 Na6 16. a3 Re8 17. Rad1 {=} Qa7 18. Qc1 Be6 19. Nd4 Bxd4 20. exd4 Bg4 21. Be3 Qb7 22. h3 Bxe2 23. Nxe2 Nc7 24. Nc3 Ncd5 25. Rfe1 Nxc3 26. Qxc3 Nd5 27. Qd2 Reb8 28. Rb1 Qb3 29. Kf2 Qa2 30. Ra1 Qxb2 31. Qxb2 Rxb2+ 32. Re2 Rb3 33. a4 Nc3 34. Rc2 Nd5 35. Re2 f5 36. g4 g6 37. a5 Ra6 38. gxf5 gxf5 39. h4 Rd3 40. h5 Nxf4 41. Rg1+ Kf7 42. Bxf4 Rf3+ 43. Ke1 Rxf4 44. h6 Rxa5 45. Rg7+ Kf6 46. Rc2 Ra6 47. Rc7 Ke6 48. Rxh7 Rh4 49. Rc7 f4 50. h7 Rh3 51. R7xc6+ Rxc6 52. Rxc6+ Kd5 53. Rf6 f3 54. Kf2 Kxd4 55. Rd6+ Ke5 56. Rd7 Ke6 57. Ra7 Kf6 58. Ke3 Kg6 59. Kxe4 f2 1/2-1/2

[Event "27.Autunno M.Monticelli A"]
[Site "Venezia"]
[Date "2023.10.15"]
[Round "4.1"]
[White "Ballarin, Gabriele"]
[Black "Tomio, Dante"]
[Result "1-0"]
[WhiteElo "1748"]
[BlackElo "1643"]
[Annotator "Ballarin,Gabriele"]
[PlyCount "95"]
[EventDate "2023.10.13"]
[EventType "swiss"]
[EventRounds "5"]
[EventCountry "ITA"]

1. d3 c5 2. Nf3 d5 3. Nbd2 Nf6 4. c3 Nc6 5. e4 dxe4 6. dxe4 e6 7. Qc2 Qc7 8. Be2 Be7 9. h3 O-O 10. Nf1 b6 11. Be3 Bb7 12. N3d2 Rfd8 13. g4 a5 14. g5 Ne8 15. Rg1 Ba6 16. Bxa6 Rxa6 17. f4 b5 18. a4 b4 19. Nc4 Nd6 20. Nfd2 bxc3 21. bxc3 Nxc4 22. Nxc4 Raa8 23. Kf2 Rd7 24. Rad1 Rad8 25. Rxd7 Rxd7 26. Rd1 Bxg5 27. Rxd7 Bh4+ 28. Kf3 Qxd7 29. Bxc5 Be7 30. Bb6 Bd8 31. Be3 g6 32. Qd2 Qe7 33. Qd6 Qxd6 34. Nxd6 h5 35. Ke2 Bf6 36. Kd3 e5 37. f5 g5 38. Kc4 g4 39. hxg4 hxg4 40. Bf2 Bd8 41. Nb7 Bc7 42. Kb5 Ne7 43. f6 Ng6 44. Kc6 Bb8 45. Nxa5 Nf4 46. Kb7 Bd6 47. Nc4 Ne2 48. Nxd6 1-0

[Event "27.Autunno M.Monticelli A"]
[Site "Venezia"]
[Date "2023.10.15"]
[Round "4.2"]
[White "Pentelashoski, Ivanche"]
[Black "Marson, Luca"]
[Result "1-0"]
[WhiteElo "1801"]
[BlackElo "1751"]
[Annotator "Ballarin,Gabriele"]
[PlyCount "59"]
[EventDate "2023.10.13"]
[EventType "swiss"]
[EventRounds "5"]
[EventCountry "ITA"]

1. e4 c5 2. Nc3 Nc6 3. Bb5 g6 4. Bxc6 dxc6 5. d3 Bg7 6. Be3 b6 7. Qd2 Nf6 8. Bh6 O-O 9. Bxg7 Kxg7 10. O-O-O e5 11. h4 Nh5 12. Nge2 Be6 13. f3 Qd6 14. g4 Nf4 15. Nxf4 exf4 16. Ne2 Bxa2 17. Qc3+ f6 18. b3 Qe5 19. Qb2 Bxb3 20. cxb3 Rfd8 21. g5 Qxb2+ 22. Kxb2 fxg5 23. hxg5 Rf8 24. Rh4 Rad8 25. Rdh1 h5 26. gxh6+ Kh7 27. Rxf4 Rxf4 28. Nxf4 Rf8 29. Ne6 Rxf3 30. Ng5+ 1-0